01983cam a22004214i 4500003000900000005001700009008004100026020001500067020001800082035002000100040003300120082001800153245015600171264009200327300006000419336002100479337002500500338002300525504003900548504003400587505061200621526001001233526001001243526001001253526001001263526000801273526000801281526000801289526000801297526000801305526000801313526000801321630005901329650008001388700003301468700003001501700003001531PE-LiUPU20250731173109.0181212s2018 miua rb 001 0 eng d a0801097754 a9780801097751 a(Sirsi) a251030 aPE-LiUPUbspacPE-LiUPUerda04a221.9bB322300aBehind the Scenes of the Old Testament :bcultural, social, and historical contexts /cedited by Jonathan S. Greer, John W. Hilber, and John H. Walton. 1aGrand Rapids, Michigan :bBaker Academic, a division of Baker Publishing Group,c[2018] axix, 615 páginas :bilustraciones ;c27 centímetros atext2rdacontent aunmediated2rdamedia avolume2rdacarrier aBibliografía : página 515-593. aÍndice : páginas 594-615.0 aThe stage: historical geography -- The sets and props: archaeology -- The scripts: ancient near eastern literature -- the frames: ancient neareastern iconography -- acts and scenes of the drama -- Acts: integrated approaches to broad historical contexts -- Scenes: Integrated approaches to Event-Based historical contexts -- Themes of the drama -- Good: integrated appoaches to themes in Israelite religion -- Family: integrated approaches to themes in family networks -- Sustenance: integrated approaches to themes in economic contexts -- Governance: integrated approaches to themes in social organization. aSEG42 aSEG41 aSEG40 aSEG39 aP94 aP87 aP86 aP85 aP77 aP76 aP3500aBible.pOld TestamentxHistory of contemporary events.28aHistoria de los acontecimientos contemporáneos.2fast0(OCoLC)fst018650541 aGreer, Jonathan S.,eeditor.1 aHilber, John W.,eeditor.1 aWalton, John H.,eeditor.